| 000 | 00793cam a2200193K 4500 | ||
|---|---|---|---|
| 082 |
_a620.112 _bAND _cL-21, P-40 |
||
| 100 | 1 |
_aAndrews, Ewart S. _940738 |
|
| 245 | 1 | 4 |
_aThe strength of materials _ba text-book for engineers and architects, _cby Ewart S. Andrews ... with numerous illustrations, tables and worked examples. |
| 260 |
_aLondon, _bChapman and Hall, _c1915. |
||
| 300 |
_a1 online resource (x, 604 p.) _billus., plates, diagrs. |
||
| 526 |
_a0 _b0 _c0 _d620_112000000000000_AND |
||
| 526 |
_a0 _b0 _c0 _d620_112000000000000_AND |
||
| 526 |
_a0 _b0 _c0 _d620_112000000000000_AND |
||
| 526 |
_a0 _b0 _c0 _d620_112000000000000_AND |
||
| 650 | 0 |
_aMCE _9379 |
|
| 650 | 0 |
_aStrength of materials. _9563 |
|
| 856 | 4 | 0 | _uhttp://catalog.hathitrust.org/api/volumes/oclc/30044025.html |
| 942 |
_2ddc _cBK |
||
| 999 |
_c544993 _d544993 |
||